First 100 Words of Of Mice and Men - Statistics

General Stats
  • This quiz has been taken 71 times
  • The average score is 39 of 100
Answer Stats
Answer % Correct
the
93%
The
93%
A
83%
in
72%
and
69%
On
69%
on
69%
it
62%
of
62%
to
62%
is
59%
for
45%
one
41%
water
41%
River
38%
river,
38%
but
34%
up
34%
with
34%
side
28%
side,
28%
south
28%
their
28%
too,
28%
trees -
28%
bank
24%
has
24%
over
24%
deep
21%
golden
21%
leaf
21%
runs
21%
Salinas
21%
Soledad,
21%
before
17%
drops
17%
each
17%
few
17%
green.
17%
green
17%
miles
17%
pool.
17%
sunlight
17%
valley
17%
warm
17%
close
14%
foothill
14%
fresh
14%
Gabilan
14%
hillside
14%
lined
14%
mountains,
14%
narrow
14%
reaching
14%
rocky
14%
sands
14%
slipped
14%
slopes
14%
spring,
14%
strong
14%
twinkling
14%
white,
14%
willows
14%
yellow
14%
carrying
10%
curve
10%
debris
10%
flooding;
10%
junctures
10%
limbs
10%
lower
10%
mottled,
10%
recumbent
10%
sycamores
10%
winter's
10%
No matching quizzes found
Score Distribution
Percent of People with Each Score
Percentile by Number Answered
Your Score History
You have not taken this quiz